<?xml version="1.0" encoding="UTF-8"?>
<record
    xmlns:xsi="http://www.w3.org/2001/XMLSchema-instance"
    xsi:schemaLocation="http://www.loc.gov/MARC21/slim http://www.loc.gov/standards/marcxml/schema/MARC21slim.xsd"
    xmlns="http://www.loc.gov/MARC21/slim">

  <leader>01364    a2200229   4500</leader>
  <controlfield tag="003">Nust</controlfield>
  <controlfield tag="005">20230415102818.0</controlfield>
  <datafield tag="010" ind1=" " ind2=" ">
    <subfield code="a">  2010030853</subfield>
  </datafield>
  <datafield tag="020" ind1=" " ind2=" ">
    <subfield code="a">0763790605 (pbk.)</subfield>
  </datafield>
  <datafield tag="020" ind1=" " ind2=" ">
    <subfield code="a">9780763790608 (pbk.)</subfield>
  </datafield>
  <datafield tag="035" ind1=" " ind2=" ">
    <subfield code="a">(OCoLC)ocn617524632</subfield>
  </datafield>
  <datafield tag="040" ind1=" " ind2=" ">
    <subfield code="c">Nust</subfield>
  </datafield>
  <datafield tag="082" ind1="0" ind2="0">
    <subfield code="a">005.133,REI</subfield>
  </datafield>
  <datafield tag="100" ind1="1" ind2=" ">
    <subfield code="a">Dos Reis, Anthony J.</subfield>
    <subfield code="9">111923</subfield>
  </datafield>
  <datafield tag="245" ind1="1" ind2="3">
    <subfield code="a">An introduction to programming using Java /</subfield>
    <subfield code="c">Anthony J. Dos Reis, Laura L. Dos Reis.</subfield>
  </datafield>
  <datafield tag="260" ind1=" " ind2=" ">
    <subfield code="a">Sudbury, MA :</subfield>
    <subfield code="b">Jones &amp; Bartlett Learning,</subfield>
    <subfield code="c">c2012.</subfield>
  </datafield>
  <datafield tag="300" ind1=" " ind2=" ">
    <subfield code="a">xiii, 448 p. :</subfield>
    <subfield code="b">ill. ;</subfield>
    <subfield code="c">24 cm.</subfield>
  </datafield>
  <datafield tag="505" ind1=" " ind2=" ">
    <subfield code="a">Two Simple Java Programs (Pge-1), Constants, Variables and Operators (Pge-25), Primitive Types and Casts (Page-43), if,if-else, and while Statements (Page-61), Calling Methods (Page-85), Constructing Objects: Part-1 (Page-109), Constructing Objects: Part 2 (Page-143), Using Predefined Classes (Page-165), Arrays, ArrayLists, Sorting, and Searching (Page-201), Inheritance: Part 1 (Page-2390, Inheritance: Part 2 (Page-275), Exception Handling (Page-301), File Processing (Page-319), Recursive Methods (Page-335), Linked Data Structures (Page-353), Generic Programming: Part 1 (Page-371), Generic Programming: Part 2 (Page-389), Graphical User Interfaces and Applets (Page-409).</subfield>
  </datafield>
  <datafield tag="650" ind1=" " ind2="0">
    <subfield code="a">Java (Computer program language)</subfield>
    <subfield code="9">8017</subfield>
  </datafield>
  <datafield tag="700" ind1="1" ind2=" ">
    <subfield code="a">Dos Reis, Laura L.</subfield>
    <subfield code="9">111924</subfield>
  </datafield>
  <datafield tag="942" ind1=" " ind2=" ">
    <subfield code="2">ddc</subfield>
    <subfield code="c">BK</subfield>
  </datafield>
  <datafield tag="999" ind1=" " ind2=" ">
    <subfield code="c">189245</subfield>
    <subfield code="d">189245</subfield>
  </datafield>
  <datafield tag="952" ind1=" " ind2=" ">
    <subfield code="0">0</subfield>
    <subfield code="1">0</subfield>
    <subfield code="2">ddc</subfield>
    <subfield code="4">0</subfield>
    <subfield code="7">0</subfield>
    <subfield code="a">MCS</subfield>
    <subfield code="b">MCS</subfield>
    <subfield code="c">GEN</subfield>
    <subfield code="d">2016-12-12</subfield>
    <subfield code="l">5</subfield>
    <subfield code="o">005.133,REI</subfield>
    <subfield code="p">MCS35022</subfield>
    <subfield code="r">2025-03-22</subfield>
    <subfield code="s">2025-02-20</subfield>
    <subfield code="w">2016-12-12</subfield>
    <subfield code="y">BK</subfield>
    <subfield code="z">Almirah No.5, Shelf No.2</subfield>
  </datafield>
</record>
